| Tag |
First Indicator |
Second Indicator |
Subfields |
| LEADER |
00000cam a2200000Mi 4500 |
| 001 |
in00002676821 |
| 005 |
20151202092747.0 |
| 008 |
090629s2009 it a 000 0beng d |
| 020 |
|
|
|a 9788849216578
|
| 020 |
|
|
|a 8849216572
|
| 029 |
0 |
|
|a C3L
|b 09745181
|
| 035 |
|
|
|a (OCoLC)ocn419648504
|
| 035 |
|
|
|a (OCoLC)419648504
|
| 040 |
|
|
|a C3L
|c C3L
|d STF
|d YDXCP
|d UtOrBLW
|
| 043 |
|
|
|a e-it---
|
| 045 |
|
|
|a w1w9
|
| 049 |
|
|
|a TXAM
|
| 050 |
1 |
4 |
|a DG552.8.G2
|b G65 2009
|
| 082 |
1 |
4 |
|a 945
|2 21
|
| 245 |
0 |
0 |
|a Garibaldi :
|b democracy and civil rights /
|c by Lauro Rossi.
|
| 264 |
|
1 |
|a Roma :
|b Gangemi,
|c [2009]
|
| 300 |
|
|
|a 95 pages :
|b illustrations (some color) ;
|c 21 cm.
|
| 336 |
|
|
|a text
|b txt
|2 rdacontent
|
| 337 |
|
|
|a unmediated
|b n
|2 rdamedia
|
| 338 |
|
|
|a volume
|b nc
|2 rdacarrier
|
| 500 |
|
|
|a Collected essays.
|
| 500 |
|
|
|a Abridged edition.
|
| 500 |
|
|
|a Half title: Comitato nazionale per le celebrazioni del bicentenario della nascita di Giuseppe Garibaldi.
|
| 500 |
|
|
|a On title page: 1807-2007 Garibaldi; Istituto italiano di cultura ...
|
| 500 |
|
|
|a Giuseppe Garibaldi (1807-1882).
|
| 500 |
|
|
|a Italian and Spanish eds. also avail. (see our cards number 08656231, EAN 978-88-492-1481-9, and number 09745173, EAN 978-88-492-1656-1).
|
| 600 |
1 |
0 |
|a Garibaldi, Giuseppe,
|d 1807-1882.
|
| 650 |
|
0 |
|a Democracy
|x History
|y 19th century.
|
| 650 |
|
0 |
|a Civil rights
|x History
|y 19th century.
|
| 700 |
1 |
|
|a Rossi, Lauro.
|
| 938 |
|
|
|a Casalini Libri
|b CASA
|n 09745181
|c 16.00 EUR
|
| 938 |
|
|
|a YBP Library Services
|b YANK
|n 3380207
|
| 945 |
|
|
|a PromptCat
|b 102224
|
| 946 |
|
|
|a stk
|
| 947 |
|
|
|a A14839757990
|
| 994 |
|
|
|a 92
|b TXA
|
| 948 |
|
|
|a Cataloged
|b h
|c 2010/10/15
|d c
|e ibarton
|
| 999 |
|
|
|a MARS
|
| 999 |
f |
f |
|s 8b02f11b-fc39-3e70-9a87-1e7602693c6c
|i 8a39561c-bebd-3629-a3cf-cdec99d72e3f
|t 0
|
| 952 |
f |
f |
|p ric
|a Texas A&M University
|b Rellis Campus
|c Joint Library Facility
|d Remote Storage
|t 0
|e DG552.8.G2 G65 2009
|h Library of Congress classification
|i unmediated -- volume
|m A14839757990
|
| 998 |
f |
f |
|a DG552.8.G2 G65 2009
|t 0
|l Remote Storage
|